01477nam a2200361 a 4500008004100000020001500041041000800056100002000064245007800084250004100162260005900203300001100262500017900273653003200452653003200484653004900516653004300565653001600608653003500624653001700659653001900676653002400695653002900719653002700748653004900775653003300824653003700857653005400894653004700948653007500995700002301070700002201093110706t1995 ag al. f |||| 001 0 spa d a9500615177 aspa1 aNyhus, Lloyd M. aDolor abdominal.bGuía para el diagnóstico rápido /cLloyd M. Nyhus a1a ed.bTraducción Nora G. Meeroff aBuenos Aires:bEditorial Médica Panamericana;c1994. a270 p. aNyhus, L. M., Vitello, J. M. y Condon, R. E. (Col.). (1994). Dolor abdominal. Guía para el diagnóstico rápido. (1a ed.). Buenos Aires : Editorial Médica Panamericana. aSíntomas y su significado aExamen físico del abdomen aLaparoscopia como auxiliar del diagnóstico aInvestigaciones auxiliares de urgencia aApendicitis aPatología de la vía biliar aPancreatitis aDiverticulitis aVíscera perforada aObstrucción intestinal aIsquemia mesentérica aEvaluación de los traumatismos abdominales aDolor abdominal en el niño aDolor pelviano agudo en la mujer aDolor abdominal en el paciente inmunocomprometido aCausas no quirúrgicas de dolor abdominal aManejo clínico del dolor abdominal cuando el diagnóstico es dudoso1 aVitello, Joseph M.1 aCondon, Robert E.